000
00320nam a2200145Ia 4500
100
_a
Whelan/A
942
_c
RB
654
_a
Moulding Materials
245
_a
Injection Moulding Materials
260
_b
Applied Science Pub.
_a
London
_c
1982
082
_a
668.4
_b
Whe
300
_a
398
546
_a
ENGLISH
999
_c
20186
_d
20186